Tere Sur Aur Mere Geet: (Record no. 209548)

MARC details
000 -LEADER
fixed length control field 00649nam a22001937a 4500
005 - DATE AND TIME OF LATEST TRANSACTION
control field 20250220160215.0
010 ## - LCCN (DPL NO)
LC control number ENG-143849
020 ## - INTERNATIONAL STANDARD BOOK NUMBER
Terms of availability 799.00
International Standard Book Number 9788195893959
035 ## - SYSTEM CONTROL NUMBER
System control number EN-127381
037 ## - SOURCE OF ACQUISITION
Source of stock number/acquisition DBAD
082 ## - DEWEY DECIMAL CLASSIFICATION NUMBER
Classification number 796
Edition number 01
100 ## - MAIN ENTRY--PERSONAL NAME
Personal name chawla Anirudh
245 ## - TITLE STATEMENT
Title Tere Sur Aur Mere Geet:
Statement of responsibility, etc by Anirudh Chawla
Remainder of title Lata Mangeshkar in conversation with Anirudh Chawla/
260 ## - PUBLICATION, DISTRIBUTION, ETC. (IMPRINT)
Place of publication, distribution, etc Noida
Date of publication, distribution, etc 2023
Name of publisher, distributor, etc Jitendra Anand Infratech private limited
270 ## - ADDRESS
Address 2203,Express Trade Towers -2, sector -132
City Noida - 201304
300 ## - PHYSICAL DESCRIPTION
Extent 567 pg.
Dimensions 20cm (pb)
700 ## - ADDED ENTRY--PERSONAL NAME
Personal name Anirudh Chawla
9 (RLIN) 78219
942 ## - ADDED ENTRY ELEMENTS (KOHA)
Source of classification or shelving scheme Dewey Decimal Classification
Item type English Books
Classification part 796
Call number suffix CHA
Holdings
Withdrawn status Lost status Not for loan Collection code Home library Current library Date acquired Source of acquisition Cost, normal purchase price Full call number Barcode Copy number Cost, replacement price Koha item type
      Non-fiction Central Library Central Library 20/02/2025 Delivery of Books Act Division 799.00 796 CHA EN-127381 1 799.00 English Books

© Delhi Public Library
Hit Counter
free hit counter